000 02021cam a2200169 4500500
005 20251228074314.0
041 _afre
042 _adc
100 1 0 _aLamy, Isabelle
_eauthor
245 0 0 _aMusée Balzac – château de saché 1799 – 2019 Balzac Honoré par la Touraine
260 _c2019.
500 _a84
520 _aCette première étude approfondie d’ Un homme d’affaires, la dernière et la plus incompréhensible des nouvelles de Balzac, décrit comment et pourquoi une telle œuvre sur « la bataille incessante […] entre les créanciers et les débiteurs » a pu recevoir sa prépublication dans Le Siècle, grand journal à bon marché. Cet alpha et oméga, un sujet compliqué et un lectorat simple, nous rend possible une lecture double : l’article déchiffre la nouvelle (janvier 1844) et l’utilise pour démontrer que le Balzac d’ Esther et de David Séchard (mi-1843) était déjà celui de La Cousine Bette (1846). En effet, Balzac visait à la fois la « masse lisante » et les « quelques-uns » – une écriture double.
520 _aThis first article-length study of Un homme d’affaires , the last and most incomprehensible of Balzac’s short stories, describes how and why such a work on « the incessant battle ... between creditors and debtors » could have received its original publication in Le Siècle , the highest circulation French newspaper of its day. This alpha and omega, a complex subject and an unsophisticated readership, makes possible a double reading: the article analyzes the story (January 1844) and then uses it to show that the Balzac of Esther and David Séchard (mid-1843) had already become that of La Cousine Bette (1846). In fact, Balzac targeted both the « reading masses » and the « sophisticated few » – a double text.
786 0 _nL'Année balzacienne | 20 | 1 | 2019-10-25 | p. 537c-549c | 0084-6473
856 4 1 _uhttps://shs.cairn.info/revue-l-annee-balzacienne-2019-1-page-537c?lang=fr&redirect-ssocas=7080
999 _c1597492
_d1597492